00757nam a2200229Ia 450000500170000000800410001702000150005808200180007310000220009124500760011325000120018930000270020165000290022865000670025765000280032470000200035226400320037233600270040433700330043133800280046404000350049220220317000129.0141031s9999 xx 000 0 und d a8449314763 a808.839bK21e10aKeating, H. R. F.10aEscribir novela negra c H. R. F. Keating ; traducción Laura Iglesias a1a. ed. a172 páginas c22 cm.14a Arte de escribir 2LEMB14a Creación literaria, artística, etc. 2LEMBx Enseñanza 14a Novela policiaca2LEMB10aIglesias, Laura aBarcelona bPaidós c2003 atextobtxt2rdacontent asin mediaciónbn2rdamedia avolumenbnc2rdacarrier aCO-BoRNBPbspaerdacCO-BoRNBP